00486nam a2200181Ia 4500001001000000003000500010008004100015010001100056040000900067082001800076100001500094245006000109260005000169300001100219440001900230650003000249650002500279Para_1870CHAP220125s1967 xx 000 0 und d a200463 cCHAP aPA 633.368 O1 aOrdish, G. aPest control in groundnuts /c by G. Ordish, [et. al.] aLondon . The Ministry of Overseas Development a138 p. aPans manual; 2 aCacahuate x enfermedades aCacahuate x plagas